00678 a2200193 4500020001500000020001800015082001000033090001500043100001900058245006300077260004300140300002100183490006400204700001900268830006400287942002400351999001700375952009200392 a1584884436 a9781584884439 a519.2 c1202d12021 aChow, Pao-Liu.10aStochastic partial differential equations /cPao-Liu Chow. a[S.l.] :bChapman and Hall/CRC,c2007. a281 p. ;c24 cm.1 aChapman & hall/crc applied mathematics & nonlinear science. aChow, Pao-Liu. 0aChapman & hall/crc applied mathematics & nonlinear science. aSNScBKk519.2 CHO c29815d29815 00104070aSNSbSNSd2016-05-26l0o519.2 CHOpSNS0001263r2016-05-26w2016-05-26yBK